[Event "ROM-ch"]
[Site "Eforie Nord"]
[Date "2024.02.29"]
[Round "7"]
[White "Lucaci, Alin Marian"]
[Black "Pisu, Robert Daniel"]
[Result "1-0"]
[WhiteElo "1740"]
[BlackElo "2154"]
[PlyCount "51"]
[EventDate "2024.02.24"]
[EventType "swiss"]
[EventRounds "9"]
[EventCountry "ROU"]
[SourceTitle "CB10_2024"]
[SourceDate "2024.03.06"]
[SourceVersion "1"]
[SourceVersionDate "2024.03.06"]
[SourceQuality "1"]

1. d4 d5 2. c4 e6 3. Nc3 c6 4. e3 Bd6 5. Nf3 f5 6. Bd3 Nf6 7. Qc2 Ne4 8. 0-0 Nd7 9. b3 0-0 10. Bb2 Rf6 11. Ne2 Rh6 12. Ne5 Qh4 13. h3 g5 14. Bxe4 dxe4 15. Qc1 g4 16. Nf4 gxh3 17. Nxh3 Qf6 18. Qc3 Qg7 19. Kh1 Nf6 20. Rad1 Bd7 21. d5 exd5 22. cxd5 cxd5 23. Nxd7 Qxd7 24. Rxd5 Qe6 25. Rfd1 Nxd5 26. Qg7# 1-0